1063 1021 1969 1343 1479 1087 1127 1880 1776 1585 1182 1526 1252 1482 1995 1070 1769 1364 1373 1177 1596 1936 1066 1559 1309 1164 1761 1796 1961 1818 1851 1012 1982 1356 1084 1206 1799 1403 1956 1707 1105 1756 1563 1879 1831 1479 1586 1300 1868 1922 1189 1632 1270 1853 1998 1490 1431 1970 1799 1517 1545 1310 1487 1699 1266 1306 1749 1443 1974 1244 1856 1073 1981 1280 1892 1409 1794 1568 1328 1635 1887 1049 1880 1653 1789 1824 1631 1932 1941 1392 1009 1269 1519 1083 1104 1441 1660 1626 1983 BCNSPRNW ULIB Ver.6.0+V

เปลี่ยนเป็นภาษาไทย

Change to English
 แสดงรายละเอียดบรรณานุกรม
  กลับหน้าหลัก

Brief Record : Get Marc (ISO 2709) : E-mail record : QR code < ปิดหน้าต่าง
LEADER : 00000nam 2200000uu 4500
001    13399113087
003     ULIB
008    110926s2546||||th 000 0 tha d
020    9749021959 (ล.1)
050  4 PL4181^bส113ก ล.1 2546
100 0  ส.พลายน้อย
245 10 เกร็ดภาษาหนังสือไทย /^cส. พลายน้อย
250    พิมพ์ครั้งที่ 6
260    กรุงเทพฯ :^bพิมพ์คำ,^c2546
300    2 เล่ม ;^c21 ซม.
650  4 ภาษาไทย^xการใช้ภาษา
650  4 ภาษาไทย^xคำศัพท์
945    ^p140^l0^i027900
945    ^p140^l0^i027901
995    ทศพร
999 ^a ทศพร
รายการนี้ยังไม่มีแท็ก
คุณยังไม่ได้ล็อกอิน คุณสามารถมีกิจกรรมร่วมกับเว็บไซต์ได้ แต่ต้องล็อกอินก่อน ::
  ล็อกอิน

รายการสื่อสารสนเทศ

ลำดับที่ ประเภท เลขเรียก/บาร์โค้ด สถานที่ สถานะ
- ไม่พบข้อมูล -

รายการใกล้เคียง
    ผู้แต่ง [ส.พลายน้อย]

BibComment


ยังไม่เคยถูกคอมเมนท์

คอมเมนท์ทรัพยากรรายการนี้
  คอมเมนท์: เกร็ดภาษาหนังสือไ..


 Copyright 2026. Bcnsprnw @Library